00557nam a22001697a 450000500170000001000150001702000260003203500140005803700090007208200130008110000180009424500610011225000060017326000360017927001520021530000200036720260612161104.0 aENG-148833 c300.00a9788119664658 aEN-132365 bDBAD a248.421 aAlangaram, A. aTowards Living Christologies in the World/cA. Alangaram a1 bATC PublishersaBengaluruc2024 aSt's Mary Block, Archdiocesan,Pastoral Center,#5, Nandidurga Road,Benson TownbBengalurue560046k+918025491999k7090100444minfo@atcpublishers.com a181p.c21cm(pb)